"श्री शनी महात्म,पुजा,व्रत आणि कथआ" (Record no. 69247)

MARC details
000 -LEADER
fixed length control field 00563nam a2200145Ia 4500
008 - FIXED-LENGTH DATA ELEMENTS--GENERAL INFORMATION
fixed length control field 090123s9999 xx 000 0 und d
082 ## - DEWEY DECIMAL CLASSIFICATION NUMBER
Item number 31188
245 ## - TITLE STATEMENT
Title "श्री शनी महात्म,पुजा,व्रत आणि कथआ"
250 ## - EDITION STATEMENT
Edition statement 1
260 ## - PUBLICATION, DISTRIBUTION, ETC. (IMPRINT)
Name of publisher, distributor, etc अनिकेत प्रकाशन
300 ## - PHYSICAL DESCRIPTION
Extent 64
630 ## - SUBJECT ADDED ENTRY--UNIFORM TITLE
Uniform title "श्री शनी महात्म,पुजा,व्रत आणि कथआ"
730 ## - ADDED ENTRY--UNIFORM TITLE
Uniform title "श्री शनी महात्म,पुजा,व्रत आणि कथआ"
942 ## - ADDED ENTRY ELEMENTS (KOHA)
Koha item type Book
Holdings
Withdrawn status Lost status Damaged status Not for loan Home library Current library Date acquired Cost, normal purchase price Total Checkouts Full call number Barcode Date last seen Cost, replacement price Price effective from Koha item type
        Jawahar Wachalanalaya, Kalwa Jawahar Wachalanalaya, Kalwa 03/31/2002 20.00   31188 KLW-31188 01/23/2009 20.00 01/23/2009 Book